| 000 | 01472nam a2200337 a 4500 | ||
|---|---|---|---|
| 001 | ebr10529370 | ||
| 003 | CaPaEBR | ||
| 006 | m u | ||
| 007 | cr cn||||||||| | ||
| 008 | 120227s2012 si a sb 101 0 eng d | ||
| 020 | _z981436066X | ||
| 020 | _z9789814360661 | ||
| 020 | _z9789814360678 (e-book) | ||
| 040 |
_aCaPaEBR _cCaPaEBR |
||
| 035 | _a(OCoLC)785777969 | ||
| 050 | 1 | 4 |
_aHG1521 _b.I58 2010eb |
| 111 | 2 |
_aInternational Banking Conference _n(13th : _d2010 : _cChicago, Ill.) |
|
| 245 | 1 | 0 |
_aMacroprudential regulatory policies _h[electronic resource] : _bthe new road to financial stability? / _cedited by Stijn Claessens ... [et al.]. |
| 260 |
_aSingapore : _bWorld Scientific Pub. Co., _c2012. |
||
| 300 |
_axi, 408 p. : _bill. |
||
| 490 | 1 |
_aWorld Scientific studies in international economics, _x1793-3641 ; _vv. 17 |
|
| 504 | _aIncludes bibliographical references and index. | ||
| 533 |
_aElectronic reproduction. _bPalo Alto, Calif. : _cebrary, _d2013. _nAvailable via World Wide Web. _nAccess may be limited to ebrary affiliated libraries. |
||
| 650 | 0 |
_aBanks and banking _vCongresses. |
|
| 650 | 0 |
_aBanking law _vCongresses. |
|
| 655 | 7 |
_aElectronic books. _2local |
|
| 700 | 1 | _aClaessens, Stijn. | |
| 710 | 2 | _aebrary, Inc. | |
| 830 | 0 |
_aWorld Scientific studies in international economics ; _vv. 17. |
|
| 856 | 4 | 0 |
_uhttp://site.ebrary.com/lib/rucke/Doc?id=10529370 _zAn electronic book accessible through the World Wide Web; click to view |
| 999 |
_c146369 _d146369 |
||